000 00373cam a2200145ua 4500
041 _aeng
_h
082 _a828.09
_bLW/ON
100 _alindenberger, Herbert .
245 _aon words worth Prelude /
_cHerbert.
_hTextual Documents
260 _aNewjersey :
_bPrinceton university press ,
_c1963.
300 _a316 ; .
504 _a
942 _cBK
999 _c12481
_d12481